000 01182nab a2200301uu 4500
001 02711
003 HDC
007 cr ca aaaau
008 201217b201302 my ||||| |||| 00| 0 eng d
022 _a0127-9696
040 _aHDC
100 _aHayati Habibah Abdul Talib
_eauthor
_9457
245 0 _aHubungan Amalan Pengurusan Kualiti ke atas Prestasi Organisasi PKS Industri Pemprosesan Makanan di Malaysia /
_cHayati Habibah Abdul Talib, Khairul Anuar Mohd Ali, Fazli Idris
260 _aSkudai, Johor :
_bPenerbit Universiti Teknologi Malaysia Press,
_c2013
300 _a1 online resource (10 pages) :
_billustrations
336 _atext
_2rdacontent
337 _acomputer
_2rdamedia
338 _aonline resource
_2rdacarrier
650 _acritical success factor
_9459
650 _aorganizational performance
_9460
650 _aQuality management
_9458
700 _aFazli Idris
_eauthor
_9462
700 _aKhairul Anuar Mohd Ali
_eauthor
_9461
856 _zRequest full-text at [email protected]
942 _2lcc
942 _cAR
942 _kJART 001009
999 _c98
_d98